Probabilistic theory of structural dynamics / (Record no. 182993)
[ view plain ]
| 000 -LEADER | |
|---|---|
| fixed length control field | 00975 a2200217 4500 |
| 003 - CONTROL NUMBER IDENTIFIER | |
| control field | Nust |
| 005 - DATE AND TIME OF LATEST TRANSACTION | |
| control field | 20170207153255.0 |
| 010 ## - LIBRARY OF CONGRESS CONTROL NUMBER | |
| LC control number | 75042154 |
| 020 ## - INTERNATIONAL STANDARD BOOK NUMBER | |
| International Standard Book Number | 0882753770 |
| 040 ## - CATALOGING SOURCE | |
| Transcribing agency | Nust |
| 082 00 - DEWEY DECIMAL CLASSIFICATION NUMBER | |
| Classification number | 624.171 |
| 100 1# - MAIN ENTRY--PERSONAL NAME | |
| Personal name | Lin, Y. K. |
| 245 10 - TITLE STATEMENT | |
| Title | Probabilistic theory of structural dynamics / |
| Statement of responsibility, etc. | Y. K. Lin. |
| 260 ## - PUBLICATION, DISTRIBUTION, ETC. | |
| Place of publication, distribution, etc. | Huntington, N.Y. : |
| Name of publisher, distributor, etc. | R. E. Krieger Pub. Co., |
| Date of publication, distribution, etc. | 1976, |
| 300 ## - PHYSICAL DESCRIPTION | |
| Extent | xi, 368 p. : |
| Other physical details | ill. ; |
| Dimensions | 24 cm. |
| 500 ## - GENERAL NOTE | |
| General note | Reprint of the ed. published by McGraw-Hill, New York. |
| 505 ## - FORMATTED CONTENTS NOTE | |
| Formatted contents note | Introduction (Page-1) Some Aspects of Probability (Page-6) Theory Random Processes (Page-67) Gaussian Poisson and Markov Random Process (Page-67) Linear Structures with Single Degree Freedom (Page-110) Linear Continuous Structure (Page-203)Nonlinear Structures (Page-253) Structural Failures Resulting From Dynamic Response and Related Topics (Page-293) |
| 538 ## - SYSTEM DETAILS NOTE | |
| System details note | Almirah No.42 Shelf No. 2 |
| 650 #0 - SUBJECT ADDED ENTRY--TOPICAL TERM | |
| Topical term or geographic name entry element | Stochastic processes. |
| 650 #0 - SUBJECT ADDED ENTRY--TOPICAL TERM | |
| Topical term or geographic name entry element | Structural dynamics. |
| 942 ## - ADDED ENTRY ELEMENTS (KOHA) | |
| Source of classification or shelving scheme | |
| Koha item type | Book |
| Withdrawn status | Lost status | Source of classification or shelving scheme | Damaged status | Not for loan | Collection code | Permanent Location | Current Location | Date acquired | Total Checkouts | Full call number | Barcode | Date last seen | Price effective from | Koha item type |
|---|---|---|---|---|---|---|---|---|---|---|---|---|---|---|
| Military College of Signals (MCS) | Military College of Signals (MCS) | 12/12/2016 | 624.171 LIN | MCS6565 | 12/08/2016 | 12/12/2016 | Book |
